| 000 | 01245nam a2200265 a 4500 | ||
|---|---|---|---|
| 001 | 000002035 | ||
| 003 | DO-SdBNP | ||
| 005 | 20260114082644.0 | ||
| 008 | 090630t2008 dr 000 0 spa d | ||
| 020 | _a9789945162127 | ||
| 040 |
_aDO-SdBNP _bspa _cBNPHU |
||
| 082 | 4 |
_a923.17293 _bE77b _222 |
|
| 100 | 1 |
_aBalcácer, Juan Daniel, _d1949- _96566 |
|
| 245 | 1 | 0 |
_aUlises Espaillat : _bel presidente mártir / _cJuan Daniel Balcácer. |
| 260 |
_aSanto Domingo, : _bComisión Permanente de Efemérides Patrias, _c2008. |
||
| 300 |
_a86 p. ; _c22 cm. |
||
| 490 | 1 |
_aPublicaciones de la Comisión Permanente de Efemérides Patrias _v27 |
|
| 500 | _aIncluye referencias bibliográficas y notas al pie de páginas. | ||
| 505 | 0 |
_tPresentación -- _tUlises Espaillat: el presidente mártir / _rJuan Daniel Balcácer -- _tApéndice : Biografía de Ulises F. Espaillat / _rRufino Martínez -- _tCronología de Ulises F. Espaillat / _rEmilio Rodríguez Demorizi. |
|
| 600 | 1 | 4 |
_aEspaillat Quiñones, Ulises Francisco, _d1823-1878 _96567 |
| 650 | 4 |
_aRepública Dominicana _xPolítica y gobierno _92488 |
|
| 830 | 0 |
_aPublicaciones de la Comisión Permanente de Efemérides Patrias _n27 _96568 |
|
| 910 | _aValidado. Control de calidad EMS. | ||
| 942 |
_2ddc _cLBS1 |
||
| 999 |
_c1900 _d1900 |
||